| 000 | 00379nam a2200157Ia 4500 | ||
|---|---|---|---|
| 008 | 230524s9999 xx 000 0 und d | ||
| 020 | _a8120327225 | ||
| 082 |
_a621.3815 _bMAH |
||
| 100 |
_aL.K.Maheshwari _92174 |
||
| 245 | 0 | _aAnalog Electronics | |
| 260 |
_aNEW DELHI _bPHI _c2005 |
||
| 300 | _aXII;690 | ||
| 500 | _aQuantity Number: 1 | ||
| 650 | _aElectronics | ||
| 942 | _cBK | ||
| 999 |
_c4122 _d4122 |
||